00270 a2200109 4500001000700000020000600007040001100013100002600024240005300050245004800103362000900151168126 a  cMagnum aMenezes, Gilda Et Al.10aComo usar outras linguagens na sala de aulalpor10aComo usar outras linguagens na sala de aula0 a1899